[Event "Collado Villalba op 40th"]
[Site "Collado Villalba"]
[Date "2023.08.24"]
[Round "3"]
[White "Crespo Diaz, David"]
[Black "Olmedo Alvarez, Jesus"]
[Result "1-0"]
[WhiteElo "1899"]
[BlackElo "1388"]
[PlyCount "59"]
[EventDate "2023.08.22"]
[EventType "swiss"]
[EventRounds "9"]
[EventCountry "ESP"]
[SourceTitle "EXT 2024"]
[Source "ChessBase"]
[SourceDate "2023.10.10"]
[SourceVersion "1"]
[SourceVersionDate "2023.10.10"]
[SourceQuality "1"]

1. d4 e6 2. Nc3 d5 3. Bf4 c6 4. e3 f5 5. g4 Nf6 6. g5 Ne4 7. Nxe4 fxe4 8. f3 Bd6 9. fxe4 Bxf4 10. exf4 0-0 11. Qd2 Qc7 12. e5 Qf7 13. Nh3 a5 14. 0-0-0 Na6 15. g6 Qxg6 16. Ng5 Nb4 17. Bd3 Nxd3+ 18. cxd3 h6 19. Nh3 Qf5 20. Qe3 Bd7 21. Rhg1 Be8 22. Rg3 b6 23. Rdg1 Ra7 24. Kd2 Kh8 25. Rg4 Rg8 26. Rh4 Qf8 27. Ng5 Qe7 28. Qh3 Qb4+ 29. Ke3 h5 30. Rxh5+ 1-0

[Event "Mostoles op 11th"]
[Site "Mostoles"]
[Date "2022.07.25"]
[Round "9"]
[White "Prieto Diez, Manuel"]
[Black "Olmedo Alvarez, Jesus"]
[Result "1-0"]
[WhiteElo "1322"]
[BlackElo "1318"]
[PlyCount "80"]
[EventDate "2022.07.17"]
[EventType "swiss"]
[EventRounds "9"]
[EventCountry "ESP"]
[SourceTitle "EXT 2024"]
[Source "ChessBase"]
[SourceDate "2023.10.10"]
[SourceVersion "1"]
[SourceVersionDate "2023.10.10"]
[SourceQuality "1"]

1. d4 e6 2. Bf4 f5 3. e3 Nf6 4. Bd3 d5 5. h3 c6 6. Nd2 Bd6 7. Ngf3 Bxf4 8. exf4 0-0 9. Ne5 Qb6 10. Nb3 Nbd7 11. g4 Nxe5 12. fxe5 Nd7 13. gxf5 exf5 14. Qh5 Nb8 15. 0-0-0 Qc7 16. Rhg1 Qf7 17. Qh4 g6 18. f4 Na6 19. Bxa6 bxa6 20. Nc5 a5 21. Rg2 Rb8 22. Rdg1 Re8 23. Qe1 Qc7 24. h4 Be6 25. Na6 Qb6 26. Nxb8 Rxb8 27. Qc3 Qb4 28. Qxb4 axb4 29. h5 Kh8 30. hxg6 h6 31. g7+ Kh7 32. Rg6 Bf7 33. Rf6 Bg8 34. Rgg6 Rb7 35. Rxh6+ Kxg7 36. Rfg6+ Kf8 37. Rxc6 Rf7 38. Rc8+ Ke7 39. Rc7+ Kf8 40. Rxf7+ Kxf7 1-0

[Event "Colmenarejo Autumn op 29th"]
[Site "Colmenarejo"]
[Date "2019.10.27"]
[Round "7"]
[White "Hernandez Roca, Carlos"]
[Black "Olmedo Alvarez, Jesus"]
[Result "0-1"]
[WhiteElo "1076"]
[BlackElo "1338"]
[PlyCount "69"]
[EventDate "2019.09.15"]
[EventType "swiss"]
[EventRounds "7"]
[EventCountry "ESP"]
[SourceTitle "EXT 2021"]
[Source "ChessBase"]
[SourceDate "2020.10.23"]
[SourceVersion "1"]
[SourceVersionDate "2020.10.23"]
[SourceQuality "1"]

1. e4 e6 2. d3 d5 3. Nd2 Nf6 4. g3 Nc6 5. c3 dxe4 6. dxe4 e5 7. Bg2 Bc5 8. Qe2 Bg4 9. Ngf3 Qd7 10. 0-0 0-0-0 11. h3 Bxh3 12. Ng5 Bxg2 13. Kxg2 h6 14. Nb3 hxg5 15. Nxc5 Qh3+ 16. Kf3 Qg4+ 17. Ke3 Qxe2+ 18. Kxe2 b6 19. Nd3 Nxe4 20. Ke3 f5 21. b4 Nxc3 22. Bb2 Nd5+ 23. Ke2 Rhe8 24. Rac1 Ndxb4 25. Nxb4 Nxb4 26. Rc4 a5 27. Rfc1 Rd7 28. a3 Nd5 29. a4 e4 30. Rc6 f4 31. g4 f3+ 32. Kf1 Rh8 33. Kg1 Nf4 34. Rxb6 Rd2 35. Kf1 0-1

[Event "Colmenarejo Autumn op 29th"]
[Site "Colmenarejo"]
[Date "2019.10.06"]
[Round "4"]
[White "Olmedo Alvarez, Marcos"]
[Black "Olmedo Alvarez, Jesus"]
[Result "1-0"]
[WhiteElo "1337"]
[BlackElo "1338"]
[PlyCount "87"]
[EventDate "2019.09.15"]
[EventType "swiss"]
[EventRounds "7"]
[EventCountry "ESP"]
[SourceTitle "EXT 2021"]
[Source "ChessBase"]
[SourceDate "2020.10.23"]
[SourceVersion "1"]
[SourceVersionDate "2020.10.23"]
[SourceQuality "1"]

1. e4 e6 2. d4 d5 3. exd5 exd5 4. Nf3 Nf6 5. Bd3 Bd6 6. 0-0 0-0 7. h3 Nc6 8. Re1 Re8 9. Rxe8+ Qxe8 10. Nc3 a6 11. Bg5 Ne4 12. Nxd5 Nxg5 13. Nxg5 h6 14. Qh5 Be6 15. Nf6+ gxf6 16. Bh7+ Kf8 17. Qxh6+ Ke7 18. Nxe6 fxe6 19. Re1 Kd7 20. d5 Qe7 21. Rxe6 Qf8 22. Rxf6 Qxh6 23. dxc6+ Kxc6 24. Rxh6 Re8 25. g3 Kb6 26. Bd3 Ka7 27. Rg6 Rf8 28. Rg5 Re8 29. Kg2 c6 30. h4 Bc7 31. h5 Bd8 32. Rf5 Rh8 33. g4 Be7 34. Rf7 Re8 35. h6 Bc5 36. a3 Bd4 37. g5 Bxb2 38. a4 Kb6 39. g6 Rg8 40. h7 Rh8 41. g7 Bxg7 42. Rxg7 Ka5 43. Rxb7 Kxa4 44. Rg7 1-0

[Event "Collado Villalba 64 op 7th"]
[Site "Collado Villalba"]
[Date "2019.08.01"]
[Round "5"]
[White "Olmedo Alvarez, Marcos"]
[Black "Olmedo Alvarez, Jesus"]
[Result "1-0"]
[WhiteElo "1357"]
[BlackElo "1377"]
[PlyCount "65"]
[EventDate "2019.07.29"]
[EventType "swiss"]
[EventRounds "9"]
[EventCountry "ESP"]
[SourceTitle "CBM 195 Extra"]
[Source "ChessBase"]
[SourceDate "2020.05.31"]
[SourceVersion "1"]
[SourceVersionDate "2020.05.31"]
[SourceQuality "1"]

1. e4 e6 2. d4 d5 3. exd5 exd5 4. Nf3 Nf6 5. Bd3 Bd6 6. 0-0 0-0 7. h3 Be6 8. Re1 h6 9. Nc3 c6 10. Ne5 Nbd7 11. Bf4 Re8 12. Qf3 Qc7 13. Re3 Nf8 14. Rae1 c5 15. Nb5 Qb6 16. Nxd6 Qxd6 17. c3 cxd4 18. Nxf7 Bxf7 19. Bxd6 dxe3 20. Rxe3 Ne6 21. Qf5 Nf8 22. Be7 Bg6 23. Qf3 Bxd3 24. Bxf6 Be4 25. Qg3 Bg6 26. Be7 Kh7 27. Bxf8 Rxf8 28. Re7 Rf7 29. Qc7 Raf8 30. Qxb7 Rxf2 31. Rxg7+ Kh8 32. Rxg6 R2f7 33. Qxd5 1-0

[Event "Collado Villalba 64 op 7th"]
[Site "Collado Villalba"]
[Date "2019.07.31"]
[Round "3"]
[White "Higuera De Frutos, Santiago"]
[Black "Olmedo Alvarez, Jesus"]
[Result "1/2-1/2"]
[WhiteElo "1205"]
[BlackElo "1377"]
[PlyCount "165"]
[EventDate "2019.07.29"]
[EventType "swiss"]
[EventRounds "9"]
[EventCountry "ESP"]
[SourceTitle "CBM 195 Extra"]
[Source "ChessBase"]
[SourceDate "2020.05.31"]
[SourceVersion "1"]
[SourceVersionDate "2020.05.31"]
[SourceQuality "1"]

1. d4 e6 2. c4 f5 3. Nf3 Nf6 4. Nc3 c6 5. Bg5 Be7 6. e3 0-0 7. Bd3 d5 8. 0-0 Qe8 9. Ne5 Nbd7 10. Bf4 Qd8 11. c5 Ne4 12. Bxe4 fxe4 13. Nxd7 Bxd7 14. Be5 b6 15. b4 a5 16. Na4 b5 17. Nb6 Ra6 18. Nxd7 Qxd7 19. a3 Rfa8 20. Rb1 axb4 21. axb4 Bf8 22. f3 Be7 23. fxe4 dxe4 24. Qg4 g6 25. Qxe4 Rf8 26. h4 Qe8 27. Qg4 Bd8 28. Rfd1 Ra7 29. Bd6 h5 30. Qg3 Be7 31. Be5 Kh7 32. Bf4 Bd8 33. Qh2 Raf7 34. g3 Bc7 35. Qg2 Bxf4 36. exf4 Rg7 37. Qe4 Qd7 38. Rb2 Qd5 39. Qd3 Qf5 40. Re2 Qg4 41. Rf1 Rd7 42. Qe4 Rd5 43. Kg2 Rfd8 44. Rd2 Re8 45. Qf3 Qf5 46. Ra1 Red8 47. Qe3 Re8 48. Ra6 Rc8 49. Re2 Qf6 50. Ra7+ Kh8 51. Qxe6 Qxe6 52. Rxe6 Rxd4 53. Ree7 Rd2+ 54. Kf3 Rd3+ 55. Ke4 Rcd8 56. Rh7+ Kg8 57. Rag7+ Kf8 58. Rf7+ Ke8 59. Re7+ Kf8 60. Ke5 Re3+ 61. Kf6 Rxe7 62. Rxe7 Rd4 63. Rc7 Ke8 64. Ke6 Re4+ 65. Kf6 Kd8 66. Rxc6 Rxb4 67. Kxg6 Rc4 68. f5 Rg4+ 69. Kxh5 Rxg3 70. f6 b4 71. Rb6 b3 72. c6 Kc7 73. f7 Rf3 74. Kg6 Kxb6 75. Kg7 Rxf7+ 76. Kxf7 Kxc6 77. h5 b2 78. h6 b1Q 79. Kg7 Qb7+ 80. Kg6 Qb1+ 81. Kg7 Qb2+ 82. Kg8 Qb3+ 83. Kg7 1/2-1/2

[Event "Colmenarejo Spring op"]
[Site "Colmenarejo"]
[Date "2019.05.05"]
[Round "1.9"]
[White "Alvarez Alba, Diego"]
[Black "Olmedo Alvarez, Jesus"]
[Result "1-0"]
[WhiteElo "1509"]
[BlackElo "1336"]
[PlyCount "63"]
[EventDate "2019.05.05"]
[EventType "swiss"]
[EventRounds "7"]
[EventCountry "ESP"]
[SourceTitle "EXT 2024"]
[Source "ChessBase"]
[SourceDate "2023.10.10"]
[SourceVersion "1"]
[SourceVersionDate "2023.10.10"]
[SourceQuality "1"]

1. e4 e6 2. b3 d5 3. Bb2 c5 4. exd5 exd5 5. Nf3 Nf6 6. Be2 Nc6 7. 0-0 Be7 8. Re1 0-0 9. Bd3 Bg4 10. h3 Bxf3 11. Qxf3 Nb4 12. a3 Nxd3 13. Qxd3 Re8 14. Qf3 Qd7 15. d3 Bd6 16. Nd2 Be7 17. Rad1 Rad8 18. d4 b6 19. c4 Qc6 20. a4 a5 21. Ba1 Qd6 22. Nb1 Ne4 23. cxd5 Ng5 24. Qg4 Qxd5 25. dxc5 Qxc5 26. Rxd8 Rxd8 27. h4 Ne6 28. Rxe6 Qc1+ 29. Kh2 Qc7+ 30. Be5 Qxe5+ 31. Rxe5 Bd6 32. f4 1-0

[Event "Mostoles op 9th"]
[Site "Mostoles"]
[Date "2018.07.24"]
[Round "8"]
[White "Osuna Osuna, Francisco"]
[Black "Olmedo Alvarez, Jesus"]
[Result "0-1"]
[WhiteElo "1578"]
[BlackElo "1367"]
[PlyCount "82"]
[EventDate "2018.07.17"]
[EventType "swiss"]
[EventRounds "9"]
[EventCountry "ESP"]
[SourceTitle "CBM 186 Extra"]
[Source "ChessBase"]
[SourceDate "2018.08.24"]
[SourceVersion "1"]
[SourceVersionDate "2018.08.24"]
[SourceQuality "1"]

1. e4 e6 2. d3 d5 3. Nd2 Nf6 4. e5 Nfd7 5. Ngf3 Nc6 6. d4 f6 7. Bb5 fxe5 8. dxe5 Be7 9. Nb3 a6 10. Bxc6 bxc6 11. 0-0 a5 12. Nbd4 Nb8 13. Re1 0-0 14. Be3 c5 15. Nb3 d4 16. Bc1 Bb7 17. Nbd2 Qe8 18. Ne4 Qf7 19. Bg5 Bxg5 20. Nexg5 Qg6 21. Qd3 Rf5 22. h4 Na6 23. Nd2 Nb4 24. Qc4 Bd5 25. Qxc5 Raf8 26. f3 h6 27. a3 hxg5 28. axb4 gxh4 29. Qxd4 h3 30. Qg4 h2+ 31. Kxh2 Qh6+ 32. Kg1 Qxd2 33. bxa5 Bxf3 34. gxf3 Rg5 35. Rad1 Rxg4+ 36. fxg4 Qxa5 37. Ra1 Qb6+ 38. Kg2 Qf2+ 39. Kh1 Qf3+ 40. Kh2 Qxg4 41. Rg1 Rf2+ 0-1

[Event "Mostoles op 9th"]
[Site "Mostoles"]
[Date "2018.07.22"]
[Round "6"]
[White "Mejias Gonzalez, Pedro"]
[Black "Olmedo Alvarez, Jesus"]
[Result "1-0"]
[WhiteElo "1543"]
[BlackElo "1367"]
[PlyCount "109"]
[EventDate "2018.07.17"]
[EventType "swiss"]
[EventRounds "9"]
[EventCountry "ESP"]
[SourceTitle "CBM 186 Extra"]
[Source "ChessBase"]
[SourceDate "2018.08.24"]
[SourceVersion "1"]
[SourceVersionDate "2018.08.24"]
[SourceQuality "1"]

1. e4 e6 2. d3 d5 3. Nd2 Nc6 4. Ngf3 Nf6 5. e5 Nd7 6. d4 Be7 7. Nb3 b6 8. c3 0-0 9. Bb5 Bb7 10. 0-0 a6 11. Bd3 f6 12. exf6 Nxf6 13. Re1 Bc8 14. Qe2 Bd7 15. Ng5 e5 16. dxe5 Ng4 17. e6 Bxg5 18. Qxg4 Qf6 19. Bxg5 Qxf2+ 20. Kh1 Rae8 21. Qd1 Bxe6 22. Rf1 Qxb2 23. Rxf8+ Rxf8 24. Qe1 Bc8 25. Bc1 Qf2 26. Qxf2 Rxf2 27. Be3 Rf8 28. Rf1 Re8 29. Bd4 Bb7 30. Kg1 a5 31. a4 Na7 32. Nxa5 bxa5 33. Bxa7 Bc6 34. Bb5 Bxb5 35. axb5 Ra8 36. b6 cxb6 37. Bxb6 a4 38. Ra1 Kf7 39. Bd4 g6 40. Kf2 Ke6 41. Ke3 Kd6 42. Kd3 a3 43. Ra2 Kc6 44. Kc2 Kb5 45. Kb3 h5 46. Rxa3 Rxa3+ 47. Kxa3 Kc4 48. Ka4 g5 49. Ka5 g4 50. g3 Kd3 51. Kb5 Ke4 52. Kc5 Kf3 53. Kxd5 Kg2 54. c4 Kxh2 55. Be5 1-0

[Event "Mostoles op 9th"]
[Site "Mostoles"]
[Date "2018.07.19"]
[Round "3"]
[White "Blasco Gallardo, Francisco"]
[Black "Olmedo Alvarez, Jesus"]
[Result "1/2-1/2"]
[WhiteElo "1450"]
[BlackElo "1367"]
[PlyCount "66"]
[EventDate "2018.07.17"]
[EventType "swiss"]
[EventRounds "9"]
[EventCountry "ESP"]
[SourceTitle "CBM 186 Extra"]
[Source "ChessBase"]
[SourceDate "2018.08.24"]
[SourceVersion "1"]
[SourceVersionDate "2018.08.24"]
[SourceQuality "1"]

1. d4 f5 2. Bg5 g6 3. g3 Bg7 4. Nf3 d6 5. Nc3 Nd7 6. e4 h6 7. Be3 fxe4 8. Nxe4 Ngf6 9. Nc3 0-0 10. Qd2 Ng4 11. Bg2 Nxe3 12. Qxe3 Nf6 13. h3 Qe8 14. 0-0 Bf5 15. Qe2 a6 16. Nh4 Rb8 17. Nxf5 gxf5 18. Nd5 Nxd5 19. Bxd5+ Kh8 20. c3 e5 21. dxe5 dxe5 22. f4 c6 23. Bb3 Qg6 24. Kh2 Rbe8 25. Qg2 exf4 26. gxf4 Qxg2+ 27. Kxg2 Re2+ 28. Rf2 Rxf2+ 29. Kxf2 Rd8 30. Rd1 Rxd1 31. Bxd1 Kh7 32. h4 Kg6 33. h5+ Kf6 1/2-1/2

[Event "Collado Villalba 64 op 6th"]
[Site "Collado Villalba"]
[Date "2018.07.10"]
[Round "4"]
[White "Ilin Kadirov, Daniil"]
[Black "Olmedo Alvarez, Jesus"]
[Result "0-1"]
[WhiteElo "1151"]
[BlackElo "1367"]
[PlyCount "134"]
[EventDate "2018.07.08"]
[EventType "swiss"]
[EventRounds "7"]
[EventCountry "ESP"]
[SourceTitle "EXT 2019"]
[Source "ChessBase"]
[SourceDate "2018.10.10"]
[SourceVersion "1"]
[SourceVersionDate "2018.10.10"]
[SourceQuality "1"]

1. d4 Nf6 2. Nf3 g6 3. e3 Bg7 4. Bd3 d6 5. Nbd2 0-0 6. 0-0 Nbd7 7. Re1 b6 8. e4 Bb7 9. Nf1 e5 10. c3 Re8 11. Ng3 Nf8 12. Bg5 Ne6 13. d5 Nxg5 14. Nxg5 Nxd5 15. Qd2 Nf4 16. Nf3 Bh6 17. Qd1 Bc8 18. Nf5 gxf5 19. exf5 Kh8 20. Qb3 Qf6 21. Nd4 Nxd3 22. Qb5 Bxf5 23. Nxf5 Qxf5 24. Red1 Nxf2 25. Rf1 Nh3+ 26. Kh1 Nf4 27. g3 Qe4+ 28. Kg1 Ne2+ 29. Kf2 Nxg3 30. hxg3 Rg8 31. Qe2 Qf5+ 32. Qf3 Qe6 33. Kg2 Bf4 34. Kf2 Bxg3+ 35. Ke2 Bf4 36. Rg1 Raf8 37. Rh1 Qg4 38. Rh3 Qxf3+ 39. Rxf3 Rg2+ 40. Kd3 Rg3 41. Rxg3 Bxg3 42. Rf1 f5 43. Ke2 e4 44. Ke3 Be5 45. Rf2 h5 46. c4 f4+ 47. Kxe4 f3 48. b3 Kh7 49. Rxf3 Rxf3 50. Kxf3 Kg6 51. Kg2 Kg5 52. Kh3 c6 53. a4 d5 54. Kg2 d4 55. b4 d3 56. Kf2 Kg4 57. Ke3 d2 58. Kxd2 Kf3 59. Ke1 Kg2 60. c5 bxc5 61. bxc5 h4 62. a5 h3 63. a6 h2 64. Ke2 h1Q 65. Kd3 Qh3+ 66. Kc2 Qc3+ 67. Kb1 Qb2# 0-1

[Event "Collado Villalba 64 op 6th"]
[Site "Collado Villalba"]
[Date "2018.07.08"]
[Round "1"]
[White "Olmedo Alvarez, Jesus"]
[Black "Carrasco Coquillat, Alvaro"]
[Result "0-1"]
[WhiteElo "1367"]
[BlackElo "1857"]
[PlyCount "74"]
[EventDate "2018.07.08"]
[EventType "swiss"]
[EventRounds "7"]
[EventCountry "ESP"]
[SourceTitle "EXT 2019"]
[Source "ChessBase"]
[SourceDate "2018.10.10"]
[SourceVersion "1"]
[SourceVersionDate "2018.10.10"]
[SourceQuality "1"]

1. e4 d6 2. Nf3 g6 3. g3 Bg7 4. Bg2 c5 5. d3 Nc6 6. 0-0 e6 7. Re1 Nge7 8. Nbd2 0-0 9. Nf1 Rb8 10. c3 b5 11. d4 Qc7 12. h4 b4 13. N1h2 bxc3 14. bxc3 cxd4 15. cxd4 Nb4 16. Ng4 Nc2 17. Bh6 Nxa1 18. Qxa1 Qc2 19. Bxg7 Kxg7 20. d5+ Qb2 21. Qd1 e5 22. Ng5 h6 23. Nxh6 Kxh6 24. Qf3 f6 25. Kh2 Kg7 26. h5 Rh8 27. g4 fxg5 28. Qe3 Bxg4 29. h6+ Rxh6+ 30. Kg1 Rh5 31. Qxa7 Rb7 32. Qe3 Qxa2 33. Qc1 Qb3 34. Qa1 Bf3 35. Re3 Qb1+ 36. Qxb1 Rxb1+ 37. Bf1 Rh1# 0-1

[Event "Madrid Colmenarejo Autumn op 22nd"]
[Site "Madrid"]
[Date "2017.10.08"]
[Round "4"]
[White "Olmedo Alvarez, Marcos"]
[Black "Olmedo Alvarez, Jesus"]
[Result "1-0"]
[WhiteElo "1360"]
[BlackElo "1344"]
[PlyCount "103"]
[EventDate "2017.09.17"]
[EventType "swiss"]
[EventRounds "7"]
[EventCountry "ESP"]
[SourceTitle "EXT 2019"]
[Source "ChessBase"]
[SourceDate "2018.10.10"]
[SourceVersion "1"]
[SourceVersionDate "2018.10.10"]
[SourceQuality "1"]

1. e4 e6 2. d3 d5 3. Nd2 Nf6 4. Ngf3 Nc6 5. g3 Bc5 6. Bg2 0-0 7. 0-0 dxe4 8. dxe4 e5 9. Re1 Bg4 10. Nb3 Qxd1 11. Rxd1 Bb6 12. Re1 Rad8 13. Bg5 Rd6 14. c4 Ba5 15. Nxa5 Nxa5 16. Nd2 c5 17. f3 Bh5 18. g4 Bg6 19. Be3 b6 20. a3 Nc6 21. h3 h6 22. f4 Rfd8 23. f5 Bh7 24. g5 hxg5 25. Bxg5 Rxd2 26. Bxd2 Rxd2 27. Rad1 Rxb2 28. Rd6 Rc2 29. Red1 Kf8 30. Rxc6 Rxc4 31. Rc7 Rd4 32. Rxd4 cxd4 33. Rxa7 Ke8 34. Ra6 Nd7 35. Bf1 Nc5 36. Bb5+ Ke7 37. Ra7+ Kf6 38. Bc6 g6 39. Be8 Bg8 40. Ra8 Nxe4 41. Bc6 gxf5 42. Bxe4 fxe4 43. Rxg8 e3 44. Kf1 d3 45. Rd8 e4 46. h4 Kg7 47. Rd6 f5 48. h5 f4 49. Rd4 d2 50. Ke2 f3+ 51. Kxe3 f2 52. Kxf2 1-0

[Event "Collado Villalba 64 op 5th"]
[Site "Collado Villalba"]
[Date "2017.07.24"]
[Round "2"]
[White "Pareja Cerrato, Antonio"]
[Black "Olmedo Alvarez, Jesus"]
[Result "1-0"]
[WhiteElo "1525"]
[BlackElo "1366"]
[PlyCount "129"]
[EventDate "2017.07.23"]
[EventType "swiss"]
[EventRounds "9"]
[EventCountry "ESP"]
[SourceTitle "CBM 179 Extra"]
[Source "ChessBase"]
[SourceDate "2017.08.23"]
[SourceVersion "1"]
[SourceVersionDate "2017.08.23"]
[SourceQuality "1"]

1. e4 e6 2. d4 d5 3. exd5 exd5 4. Nf3 Nf6 5. Nc3 Be7 6. h3 0-0 7. Bf4 c6 8. Be2 Bf5 9. 0-0 h6 10. Bd3 Bxd3 11. Qxd3 Nbd7 12. Rfe1 Re8 13. Re2 Nf8 14. Rae1 Ng6 15. Bh2 Bd6 16. Ne5 Bxe5 17. Bxe5 Nxe5 18. Rxe5 Qd7 19. R1e3 Re6 20. Qf5 Rae8 21. Rxe6 Rxe6 22. Rxe6 fxe6 23. Qe5 Qf7 24. Qb8+ Kh7 25. Qxa7 Qg6 26. Qa4 Ne4 27. Nxe4 Qxe4 28. Kf1 Qg6 29. Qb3 Qg5 30. Qe3 Qf5 31. Qd3 Qxd3+ 32. cxd3 b5 33. b3 b4 34. Ke2 Kg6 35. Kf3 Kf6 36. Kf4 g5+ 37. Kg4 e5 38. dxe5+ Kxe5 39. h4 Kd4 40. hxg5 hxg5 41. Kxg5 Kxd3 42. f4 Kc3 43. f5 d4 44. f6 d3 45. f7 d2 46. f8Q d1Q 47. Qc5+ Kb2 48. Qxb4 Kxa2 49. Qa4+ Kb2 50. Qxc6 Qd2+ 51. Kf5 Qf2+ 52. Qf3 Qc5+ 53. Kg4 Qc8+ 54. Qf5 Qg8+ 55. Kh3 Qh8+ 56. Kg3 Qb8+ 57. Kf2 Qa7+ 58. Kf1 Qa1+ 59. Ke2 Qa6+ 60. Qd3 Qe6+ 61. Qe3 Qa6+ 62. Kf2 Qf6+ 63. Kg3 Kc2 64. Qf2+ Qxf2+ 65. Kxf2 1-0